Yu-Gi-Oh! Attributes - Statistics

General Stats
  • This quiz has been taken 136 times
  • The average score is 7 of 7
Answer Stats
Answer % Correct
Dark
100%
Water
100%
Fire
98%
Light
98%
Earth
97%
Wind
94%
Divine
79%
No matching quizzes found
Score Distribution
Percent of People with Each Score
Percentile by Number Answered
Your Score History
You have not taken this quiz